[Event "2nd Karpov Trophy Prelim"]
[Site "Cap d'Agde FRA"]
[Date "2013.10.25"]
[Round "1.1"]
[White "Maisuradze, Nino"]
[Black "Zhao, Xue"]
[Result "0-1"]
[WhiteTitle "WGM"]
[BlackTitle "GM"]
[WhiteElo "2302"]
[BlackElo "2579"]
[WhiteFideId "13601717"]
[BlackFideId "8601283"]
[EventDate "2013.10.25"]

1. d4 Nf6 2. Bg5 e6 3. Nd2 h6 4. Bh4 Nc6 5. c3 d5 6. e3 Ne7 7. Bd3 Nf5 8. Bg3
Be7 9. Ngf3 O-O 10. O-O b6 11. a4 a5 12. Qe2 Bb7 13. e4 dxe4 14. Nxe4 Nd5 15.
Ne5 c5 16. dxc5 bxc5 17. Rfd1 Qc7 18. Ng6 Nxg3 19. Nxe7+ Qxe7 20. hxg3 Rfd8 21.
Nd2 Nf6 22. Bb5 Bd5 23. c4 Bb7 24. Nb3 Qc7 25. Rxd8+ Rxd8 26. Rd1 Rxd1+ 27. Qxd1
Be4 28. Qd2 Qe5 29. Nxa5 g5 30. Nc6 Bxc6 31. Bxc6 Qc7 32. Bf3 Nd7 33. a5 Ne5 34.
Be2 Nc6 35. Qc3 Nxa5 36. b4 cxb4 37. Qxb4 Nb7 38. Bf3 Nc5 39. Qb5 Qe5 40. Kh2
Kg7 41. Qb1 Qc3 42. Qa2 Nd3 43. Qe2 Ne5 44. Bh5 Qd4 45. Bf3 Nxc4 46. Kg1 Ne5 47.
Be4 f5 48. Bc2 Qc5 49. Kf1 Qd4 50. Kg1 Ng4 51. Bd1 Nxf2 52. Qxf2 Qxd1+ 53. Kh2
Qd6 54. Qb2+ Kg6 55. Qh8 Kh5 56. Kh3 Qe7 57. Qd4 Kg6 58. g4 Qc7 59. gxf5+ exf5
60. Qd5 g4+ 0-1

[Event "2nd Karpov Trophy Prelim"]
[Site "Cap d'Agde FRA"]
[Date "2013.10.25"]
[Round "1.2"]
[White "Pelletier, Yannick"]
[Black "Sebag, Marie"]
[Result "1/2-1/2"]
[WhiteTitle "GM"]
[BlackTitle "GM"]
[WhiteElo "2578"]
[BlackElo "2510"]
[WhiteFideId "1301837"]
[BlackFideId "617822"]
[EventDate "2013.10.25"]

1. c4 c6 2. e4 d5 3. exd5 cxd5 4. cxd5 Nf6 5. Nc3 Nxd5 6. Nf3 Nc6 7. Bb5 g6 8.
Qa4 Nb6 9. Qh4 Bg7 10. d4 O-O 11. Bxc6 bxc6 12. O-O Re8 13. Re1 Nd5 14. Bh6 Bf6
15. Bg5 Nxc3 16. bxc3 Be6 17. Ne5 Bxg5 18. Qxg5 Qd5 19. Qe3 Rad8 20. Nd3 Qc4 21.
Nc5 Bd5 22. a4 f6 23. Rab1 e5 24. Rb4 Qa2 25. Rb7 Bf7 26. Nd7 Qe6 27. Qh3 Qe7
28. Nc5 Qf8 29. Ne4 Qg7 30. Qh4 exd4 31. f3 g5 32. Qf2 dxc3 33. Rc1 f5 34. Nxc3
Qd4 35. Rxa7 Qxf2+ 36. Kxf2 Rd2+ 37. Kg1 Rb8 38. Nd1 f4 39. a5 Bd5 40. Nc3 Rbb2
41. Nxd5 Rxg2+ 42. Kf1 Rbf2+ 43. Ke1 Re2+ 44. Kf1 Rgf2+ 45. Kg1 Rg2+ 46. Kf1 1/2-1/2

[Event "2nd Karpov Trophy Prelim"]
[Site "Cap d'Agde FRA"]
[Date "2013.10.25"]
[Round "1.3"]
[White "Karpov, Anatoly"]
[Black "Ivanchuk, Vassily"]
[Result "1/2-1/2"]
[WhiteTitle "GM"]
[BlackTitle "GM"]
[WhiteElo "2619"]
[BlackElo "2733"]
[WhiteFideId "4100026"]
[BlackFideId "14100010"]
[EventDate "2013.10.25"]

1. d4 d5 2. c4 c6 3. Nf3 Nf6 4. e3 a6 5. Nbd2 Bf5 6. Nh4 Be6 7. b3 Nbd7 8. Bb2
g5 9. Nhf3 g4 10. Nh4 Bh6 11. Qc2 Bg5 12. Nf5 Bxf5 13. Qxf5 Rg8 14. h4 e6 15.
Qc2 Bh6 16. g3 Bf8 17. Bd3 Bb4 18. a3 Bxd2+ 19. Kxd2 h5 20. Rhe1 Qc7 21. Rad1
O-O-O 22. Kc1 Nf8 23. Kb1 Ng6 24. Rc1 Kb8 25. Re2 Qd7 26. b4 Ne7 27. c5 Kc7 28.
a4 Ra8 29. Ka2 Kd8 30. Bc3 Nf5 31. Kb2 Ke7 32. b5 axb5 33. axb5 Rgb8 34. Bb4 Kf8
35. Ree1 Kg8 36. b6 Re8 37. Ra1 Rab8 38. Bc3 Red8 39. Ra7 Re8 40. Ra4 Kh7 41. e4
dxe4 42. Bxe4 Nxe4 43. Qxe4 f6 44. Bd2 Qd5 45. Bf4 Ra8 46. Qxd5 exd5 47. Rxe8
Rxe8 48. Ra7 Re7 49. Kc3 Kg6 50. Bc7 Re4 51. Rxb7 Nxd4 52. Bf4 Ne6 53. Bd6 Nxc5
54. Bxc5 Rc4+ 55. Kd3 Rxc5 56. Rc7 Rc4 57. b7 Rb4 58. Kc3 Rb5 59. Kd4 Kf5 60.
Re7 Kg6 61. Rc7 Kf5 1/2-1/2

[Event "2nd Karpov Trophy Prelim"]
[Site "Cap d'Agde FRA"]
[Date "2013.10.25"]
[Round "1.4"]
[White "Bacrot, Etienne"]
[Black "Muzychuk, Mariya"]
[Result "1-0"]
[WhiteTitle "GM"]
[BlackTitle "IM"]
[WhiteElo "2730"]
[BlackElo "2491"]
[WhiteFideId "605506"]
[BlackFideId "14114550"]
[EventDate "2013.10.25"]

1. c4 c5 2. Nf3 Nc6 3. Nc3 Nf6 4. g3 g6 5. Bg2 Bg7 6. d4 cxd4 7. Nxd4 O-O 8. O-O
Qa5 9. Nb3 Qh5 10. c5 b6 11. cxb6 axb6 12. e4 Ba6 13. Qxh5 Nxh5 14. Rd1 Bc4 15.
Nd2 Be6 16. Nd5 Bxd5 17. exd5 Nd4 18. d6 Rae8 19. Kf1 exd6 20. Nc4 b5 21. Nb6
Re6 22. Rb1 Rfe8 23. Nd5 Nf6 24. Nc7 Ng4 25. Nxe8 Rxe8 26. h3 Nh2+ 27. Kg1 Nhf3+
28. Bxf3 Nxf3+ 29. Kg2 Nd4 30. Be3 Nf5 31. Bf4 Re2 32. Re1 Rxe1 33. Rxe1 Bf6 34.
Re8+ Kg7 35. Rb8 Bxb2 36. Rxb5 Bc3 37. a4 Nd4 38. Rd5 1-0

[Event "2nd Karpov Trophy Prelim"]
[Site "Cap d'Agde FRA"]
[Date "2013.10.25"]
[Round "2.1"]
[White "Zhao, Xue"]
[Black "Ivanchuk, Vassily"]
[Result "1/2-1/2"]
[WhiteTitle "GM"]
[BlackTitle "GM"]
[WhiteElo "2579"]
[BlackElo "2733"]
[WhiteFideId "8601283"]
[BlackFideId "14100010"]
[EventDate "2013.10.25"]

1. d4 d6 2. c4 e5 3. Nc3 exd4 4. Qxd4 Nf6 5. g3 Nc6 6. Qd2 g6 7. b3 Bg7 8. Bb2
O-O 9. Nh3 a6 10. Bg2 Rb8 11. O-O b5 12. Ng5 Ne5 13. c5 h6 14. Nge4 dxc5 15.
Rfd1 Qxd2 16. Rxd2 Nxe4 17. Nxe4 c4 18. f4 Ng4 19. Bxg7 Kxg7 20. Rc1 Bb7 21. Nc5
Bxg2 22. Kxg2 Rfd8 23. Rxd8 Rxd8 24. h3 Nf6 25. bxc4 Rd2 26. Nxa6 bxc4 27. a4
Rxe2+ 28. Kf3 Ra2 29. Rxc4 Ra3+ 30. Kf2 Ra2+ 31. Kf3 Ra3+ 32. Kf2 Ra2+ 33. Kf3 1/2-1/2

[Event "2nd Karpov Trophy Prelim"]
[Site "Cap d'Agde FRA"]
[Date "2013.10.25"]
[Round "2.2"]
[White "Maisuradze, Nino"]
[Black "Pelletier, Yannick"]
[Result "0-1"]
[WhiteTitle "WGM"]
[BlackTitle "GM"]
[WhiteElo "2302"]
[BlackElo "2578"]
[WhiteFideId "13601717"]
[BlackFideId "1301837"]
[EventDate "2013.10.25"]

1. d4 e6 2. Nf3 c5 3. c3 Nf6 4. Bg5 Be7 5. Nbd2 b6 6. e3 Bb7 7. Bd3 O-O 8. O-O
Nc6 9. a3 d5 10. Rc1 h6 11. Bh4 Nd7 12. Bg3 c4 13. Bb1 f5 14. Ne1 b5 15. f3 e5
16. dxe5 Ndxe5 17. e4 Bc5+ 18. Kh1 fxe4 19. fxe4 Rxf1+ 20. Nxf1 d4 21. cxd4 Qxd4
22. Qxd4 Bxd4 23. Rc2 Rf8 24. Nd2 Bxb2 25. a4 c3 26. Ndf3 b4 27. Ba2+ Kh7 28.
Kg1 Nxf3+ 29. Nxf3 Ba6 30. Rf2 Rd8 31. Bd5 Ne7 32. Bh4 Nxd5 33. Bxd8 Ne3 34. Nd4
Bc4 35. Ba5 b3 36. e5 c2 37. Nxc2 Nxc2 0-1

[Event "2nd Karpov Trophy Prelim"]
[Site "Cap d'Agde FRA"]
[Date "2013.10.25"]
[Round "2.4"]
[White "Muzychuk, Mariya"]
[Black "Karpov, Anatoly"]
[Result "0-1"]
[WhiteTitle "IM"]
[BlackTitle "GM"]
[WhiteElo "2491"]
[BlackElo "2619"]
[WhiteFideId "14114550"]
[BlackFideId "4100026"]
[EventDate "2013.10.25"]

1. e4 d5 2. exd5 Qxd5 3. Nc3 Qd6 4. d4 c6 5. Nf3 Bg4 6. h3 Bxf3 7. Qxf3 Qxd4 8.
Be3 Qd8 9. Rd1 Nd7 10. Bc4 e6 11. O-O Ngf6 12. Rd2 Qa5 13. Qg3 Nh5 14. Qg4 Nhf6
15. Qg3 Nh5 16. Qf3 Ne5 17. Qe2 Nxc4 18. Qxc4 Nf6 19. Rfd1 Be7 20. Ne4 O-O 21.
Nc5 Bxc5 22. Bxc5 Rfe8 23. Rd3 Qb5 24. Qd4 e5 25. a4 Qa5 26. Qc4 Nd5 27. h4 Re6
28. h5 Rae8 29. Rb3 Qc7 30. Bxa7 b5 31. Qc5 bxa4 32. Ra3 Qb7 33. Rxa4 Qxb2 34.
Ra6 Nc3 35. Re1 Qxc2 36. Qc4 Qd2 37. Kf1 Qd5 38. Qxd5 cxd5 39. Ra5 h6 40. Rc5
Ra8 41. Rc4 d4 42. Rc6 0-1

[Event "2nd Karpov Trophy Prelim"]
[Site "Cap d'Agde FRA"]
[Date "2013.10.26"]
[Round "3.1"]
[White "Pelletier, Yannick"]
[Black "Zhao, Xue"]
[Result "1-0"]
[WhiteTitle "GM"]
[BlackTitle "GM"]
[WhiteElo "2578"]
[BlackElo "2579"]
[WhiteFideId "1301837"]
[BlackFideId "8601283"]
[EventDate "2013.10.25"]

1. Nf3 Nf6 2. c4 b6 3. g3 c5 4. Bg2 Bb7 5. Nc3 g6 6. d4 cxd4 7. Qxd4 Bg7 8. O-O
d6 9. Be3 Nbd7 10. Rac1 Rc8 11. b3 O-O 12. Qh4 Re8 13. Rfd1 a6 14. Bh3 Rc7 15.
g4 Qa8 16. Nd2 Rec8 17. g5 Ne8 18. Bxd7 Rxd7 19. Na4 Rdd8 20. Nxb6 Qb8 21. Nxc8
Qxc8 22. Nf3 Qf5 23. Qf4 Qa5 24. c5 dxc5 25. Rxd8 Qxd8 26. Bxc5 Qd7 27. Be3 Nd6
28. Bd4 Bxd4 29. Qxd4 Qf5 30. Qe5 Qg4+ 31. Qg3 Qe6 32. Kf1 a5 33. Rc7 Ne4 34.
Qh4 Ba6 35. Rc2 Qf5 36. Ne1 Nxg5 37. Rd2 e5 38. Rd6 Ne4 39. Rd8+ Kg7 40. f3 Nc3
41. Rd2 e4 42. Qg4 Qf6 43. Rc2 h5 44. Qg3 Nd5 45. Kg1 h4 46. Qg2 Nf4 47. Qf1 Bb5
48. Kh1 Qe5 49. Ng2 Ne6 50. Qc1 h3 51. Ne3 Qf4 52. Nf1 Qh4 53. Ng3 Kh7 54. Qe3
Qf4 55. Qc3 Ba6 56. a4 Qd2 57. Qxd2 1-0

[Event "2nd Karpov Trophy Prelim"]
[Site "Cap d'Agde FRA"]
[Date "2013.10.26"]
[Round "3.2"]
[White "Bacrot, Etienne"]
[Black "Maisuradze, Nino"]
[Result "1-0"]
[WhiteTitle "GM"]
[BlackTitle "WGM"]
[WhiteElo "2730"]
[BlackElo "2302"]
[WhiteFideId "605506"]
[BlackFideId "13601717"]
[EventDate "2013.10.25"]

1. c4 e5 2. g3 Nc6 3. Bg2 g6 4. Nc3 Bg7 5. e3 h5 6. Nf3 d6 7. d4 exd4 8. Nxd4
Ne5 9. f4 Ng4 10. e4 N4f6 11. h3 Ne7 12. O-O O-O 13. Be3 c6 14. Qf3 Qc7 15. Rad1
a6 16. a4 Rb8 17. Qf2 Bd7 18. Nf3 b5 19. e5 Ne8 20. axb5 cxb5 21. Nd5 Nxd5 22.
cxd5 Rc8 23. Rfe1 Qc2 24. Rd2 Qc4 25. Rdd1 a5 26. Bb6 a4 27. e6 fxe6 28. dxe6
Bc6 29. Rc1 Qa2 30. e7 Rf5 31. Nh4 Bd7 32. Rxc8 Bxc8 33. Nxf5 Bxf5 34. Bc6 Kf7
35. Qf3 1-0

[Event "2nd Karpov Trophy Prelim"]
[Site "Cap d'Agde FRA"]
[Date "2013.10.26"]
[Round "3.3"]
[White "Karpov, Anatoly"]
[Black "Sebag, Marie"]
[Result "1/2-1/2"]
[WhiteTitle "GM"]
[BlackTitle "GM"]
[WhiteElo "2619"]
[BlackElo "2510"]
[WhiteFideId "4100026"]
[BlackFideId "617822"]
[EventDate "2013.10.25"]

1. d4 d5 2. c4 c6 3. Nf3 Nf6 4. e3 Bf5 5. Nc3 e6 6. Nh4 Be4 7. f3 Bg6 8. Qb3 Qc7
9. Bd2 Be7 10. Nxg6 hxg6 11. O-O-O dxc4 12. Bxc4 b5 13. Bd3 a6 14. e4 c5 15.
dxc5 Nbd7 16. c6 Nc5 17. Qc2 Qxc6 18. Kb1 Rc8 19. Be3 O-O 20. e5 Nxd3 21. Qxd3
Rfd8 22. Qe2 Rxd1+ 23. Rxd1 b4 24. Rc1 bxc3 25. Rxc3 Qb7 26. Rxc8+ Qxc8 27. exf6
Bxf6 28. Bc1 Qc6 29. Qc2 Qb5 30. a4 Qd7 31. h3 Bd4 32. Qc4 Qd6 33. Kc2 Kh7 34.
b4 f5 35. Bd2 e5 36. Bc3 Bxc3 37. Kxc3 Qd1 38. b5 a5 39. Qh4+ Kg8 40. Qc4+ Kh7
41. Qh4+ Kg8 1/2-1/2

[Event "2nd Karpov Trophy Prelim"]
[Site "Cap d'Agde FRA"]
[Date "2013.10.26"]
[Round "3.4"]
[White "Ivanchuk, Vassily"]
[Black "Muzychuk, Mariya"]
[Result "1/2-1/2"]
[WhiteTitle "GM"]
[BlackTitle "IM"]
[WhiteElo "2733"]
[BlackElo "2491"]
[WhiteFideId "14100010"]
[BlackFideId "14114550"]
[EventDate "2013.10.25"]

1. c4 Nf6 2. Nc3 d5 3. cxd5 Nxd5 4. g3 g6 5. Bg2 Nb6 6. d3 Bg7 7. Be3 O-O 8. Qd2
Nc6 9. Bxc6 bxc6 10. Bh6 c5 11. b3 Bb7 12. f3 a5 13. Bxg7 Kxg7 14. Nh3 a4 15.
Rc1 Qd7 16. Nf2 axb3 17. axb3 Qe6 18. Nce4 Nd7 19. O-O Bxe4 20. Nxe4 Qxb3 21.
Nxc5 Nxc5 22. Rxc5 Qb6 23. Rc1 Ra7 24. Kf1 f6 25. Qc3 Rc8 26. Rc6 Qe3 27. Qc4
Ra5 28. f4 Kf8 29. Qb4 Rh5 30. Qe4 Qxe4 31. dxe4 Rxh2 32. R1c2 Rh1+ 33. Kg2 Ra1
34. Rxc7 Rxc7 35. Rxc7 h5 36. Rc8+ Kf7 37. Rh8 Kg7 38. Re8 Kf7 1/2-1/2

[Event "2nd Karpov Trophy Prelim"]
[Site "Cap d'Agde FRA"]
[Date "2013.10.26"]
[Round "4.1"]
[White "Zhao, Xue"]
[Black "Muzychuk, Mariya"]
[Result "1/2-1/2"]
[WhiteTitle "GM"]
[BlackTitle "IM"]
[WhiteElo "2579"]
[BlackElo "2491"]
[WhiteFideId "8601283"]
[BlackFideId "14114550"]
[EventDate "2013.10.25"]

1. Nf3 c5 2. g3 Nc6 3. Bg2 e5 4. c4 g6 5. O-O Bg7 6. Nc3 Nge7 7. a3 O-O 8. b4 d6
9. Rb1 f5 10. Ne1 Rb8 11. Nc2 Be6 12. Ne3 Qd7 13. Ned5 f4 14. d3 b6 15. Qa4 Rbe8
16. Nxe7+ Nxe7 17. Qxd7 Bxd7 18. Ne4 Nc8 19. Bd2 Bg4 20. Rfe1 Rd8 21. Nc3 Ne7
22. a4 Be6 23. Nb5 Rd7 24. a5 d5 25. cxd5 Nxd5 26. bxc5 bxc5 27. Rec1 Rc8 28.
Na3 Rdc7 29. Nc4 g5 30. Nd6 Rd8 31. Ne4 h6 32. Rxc5 Rf7 33. Rc6 Re7 34. a6 Bf8
35. Rb7 Bc8 36. Rb8 Ree8 37. Ba5 Bd7 38. Rxd8 Bxc6 39. Nf6+ Nxf6 40. Bxc6 Re6
41. Bb5 Kg7 42. Rc8 Bd6 43. Bc4 Re8 44. Rc6 Bb8 45. Kg2 Nd7 46. Bb5 Rf8 47. Bb4
Rf6 48. Kf3 fxg3+ 49. Kxg3 e4+ 50. Kg2 exd3 51. exd3 Rxc6 52. Bxc6 Ne5 53. Bb5
Ng6 54. Bc5 Kf6 55. d4 Nf4+ 56. Kf3 Ne6 57. Ke4 Nxc5+ 58. dxc5 Bxh2 59. Kd5 h5
60. Kc6 Ke7 61. Kb7 Kd8 62. c6 Bf4 63. Bd3 Be5 64. Bg6 h4 65. Bf5 Bd6 66. c7+
Bxc7 67. Kxa7 Be5 68. Kb7 Bd4 69. a7 Bxa7 70. Kxa7 Kc7 71. Bh3 Kd6 72. Kb6 Ke5
73. Kc5 Kf4 74. Bg2 g4 75. Kd4 g3 76. fxg3+ hxg3 1/2-1/2

[Event "2nd Karpov Trophy Prelim"]
[Site "Cap d'Agde FRA"]
[Date "2013.10.26"]
[Round "4.3"]
[White "Sebag, Marie"]
[Black "Ivanchuk, Vassily"]
[Result "1/2-1/2"]
[WhiteTitle "GM"]
[BlackTitle "GM"]
[WhiteElo "2510"]
[BlackElo "2733"]
[WhiteFideId "617822"]
[BlackFideId "14100010"]
[EventDate "2013.10.25"]

1. e4 e5 2. Nf3 Nc6 3. Bb5 a6 4. Ba4 Nf6 5. O-O Nxe4 6. d4 b5 7. Bb3 d5 8. dxe5
Be6 9. Nbd2 Nc5 10. c3 Bg4 11. Bc2 Ne6 12. Re1 Bc5 13. Nf1 O-O 14. h3 Bh5 15.
Ng3 Bg6 16. Nf5 Qd7 17. a4 b4 18. a5 f6 19. exf6 Rxf6 20. N3h4 Raf8 21. Qe2 bxc3
22. bxc3 Bxf5 23. Bxf5 Ncd8 24. Be3 Bxe3 25. fxe3 Qc6 26. e4 Qxc3 27. exd5 Nf4
28. Qg4 Nxd5 29. Bxh7+ Kxh7 30. Qe4+ Kh8 31. Qxd5 Qg3 32. Re4 Nc6 33. Rg4 Qe3+
34. Kh2 Qe5+ 35. Qxe5 Nxe5 36. Rg5 Nf7 37. Rc5 c6 38. Rb1 Rd8 39. Rb6 Rd5 40.
Rcxc6 Rxc6 41. Rxc6 Rxa5 42. Rc7 Kg8 43. Ra7 Nd6 44. g4 Ra2+ 45. Kg3 Ra3+ 46.
Kg2 Ra2+ 47. Kg3 Ra3+ 48. Kg2 1/2-1/2

[Event "2nd Karpov Trophy Prelim"]
[Site "Cap d'Agde FRA"]
[Date "2013.10.26"]
[Round "4.4"]
[White "Pelletier, Yannick"]
[Black "Bacrot, Etienne"]
[Result "1/2-1/2"]
[WhiteTitle "GM"]
[BlackTitle "GM"]
[WhiteElo "2578"]
[BlackElo "2730"]
[WhiteFideId "1301837"]
[BlackFideId "605506"]
[EventDate "2013.10.25"]

1. d4 Nf6 2. c4 g6 3. Nc3 Bg7 4. e4 d6 5. Nf3 O-O 6. Be2 e5 7. O-O Nc6 8. d5 Ne7
9. b4 Nh5 10. Re1 f5 11. Ng5 Nf6 12. Bf3 c6 13. b5 cxd5 14. cxd5 h6 15. Ne6 Bxe6
16. dxe6 fxe4 17. Nxe4 Nxe4 18. Bxe4 d5 19. Ba3 dxe4 20. Qxd8 Rfxd8 21. Bxe7 Re8
22. Bc5 Rxe6 23. Rxe4 a6 24. bxa6 Rexa6 25. a3 Bf8 26. Bxf8 Kxf8 27. Rxe5 Rxa3
28. Rxa3 Rxa3 29. h4 Rb3 30. Re6 Kf7 31. Rd6 h5 32. Kh2 Rb4 33. Kh3 Rb3+ 34. f3
Rb4 35. g4 hxg4+ 36. fxg4 Rb3+ 37. Kg2 b5 38. Rb6 b4 39. h5 1/2-1/2

[Event "2nd Karpov Trophy Prelim"]
[Site "Cap d'Agde FRA"]
[Date "2013.10.27"]
[Round "5.1"]
[White "Muzychuk, Mariya"]
[Black "Sebag, Marie"]
[Result "1-0"]
[WhiteTitle "IM"]
[BlackTitle "GM"]
[WhiteElo "2491"]
[BlackElo "2510"]
[WhiteFideId "14114550"]
[BlackFideId "617822"]
[EventDate "2013.10.25"]

1. e4 c5 2. Nf3 d6 3. d4 cxd4 4. Nxd4 Nf6 5. Nc3 a6 6. h3 e6 7. g4 Be7 8. g5
Nfd7 9. h4 b5 10. a3 Bb7 11. Be3 Nc6 12. f4 O-O 13. Qg4 Nxd4 14. Bxd4 e5 15. Be3
exf4 16. Bxf4 Ne5 17. Qg3 Qa5 18. O-O-O Rac8 19. Nd5 Bxd5 20. exd5 b4 21. Bxe5
dxe5 22. d6 Qc5 23. Qb3 Bxd6 24. axb4 Qc6 25. Bh3 Rc7 26. c3 Qe4 27. Qd5 Qf4+
28. Kb1 Be7 29. Rdf1 Qg3 30. Rxf7 Rxf7 31. Rf1 Bf6 32. Be6 e4 33. Qa8+ 1-0

[Event "2nd Karpov Trophy Prelim"]
[Site "Cap d'Agde FRA"]
[Date "2013.10.27"]
[Round "5.2"]
[White "Bacrot, Etienne"]
[Black "Zhao, Xue"]
[Result "1-0"]
[WhiteTitle "GM"]
[BlackTitle "GM"]
[WhiteElo "2730"]
[BlackElo "2579"]
[WhiteFideId "605506"]
[BlackFideId "8601283"]
[EventDate "2013.10.25"]

1. Nf3 Nf6 2. c4 b6 3. g3 c5 4. Bg2 Bb7 5. Nc3 g6 6. O-O Bg7 7. d3 Nc6 8. e4 O-O
9. h3 d6 10. Be3 Rc8 11. b3 e5 12. Qd2 Nh5 13. Rab1 Kh8 14. Bh6 f5 15. Bxg7+
Nxg7 16. Qh6 Qd7 17. Nh4 Ne7 18. f4 fxe4 19. dxe4 Qe6 20. f5 gxf5 21. Qxe6 Nxe6
22. exf5 Bxg2 23. Kxg2 Nd4 24. g4 Rf7 25. Rf2 Rg8 26. Rbf1 Nec6 27. Ne4 d5 28.
cxd5 Nb4 29. d6 Nd5 30. Kh2 Nf6 31. Re1 Nc6 32. Nf3 h6 33. Rd2 Rd8 34. Kg3 Nd7
35. Nh4 Nf8 36. Rd5 Kg7 37. f6+ Kh7 38. g5 Rfd7 39. Nf5 hxg5 40. Ne7 Nb4 41.
Nxg5+ 1-0

[Event "2nd Karpov Trophy Prelim"]
[Site "Cap d'Agde FRA"]
[Date "2013.10.27"]
[Round "5.4"]
[White "Ivanchuk, Vassily"]
[Black "Maisuradze, Nino"]
[Result "1/2-1/2"]
[WhiteTitle "GM"]
[BlackTitle "WGM"]
[WhiteElo "2733"]
[BlackElo "2302"]
[WhiteFideId "14100010"]
[BlackFideId "13601717"]
[EventDate "2013.10.25"]

1. c4 e5 2. g3 Nc6 3. Bg2 g6 4. Nc3 Bg7 5. e3 f5 6. Nge2 Nf6 7. d3 O-O 8. O-O d6
9. b3 Be6 10. Nd5 Rb8 11. Bb2 Ne7 12. e4 c6 13. Ne3 Nh5 14. exf5 Nxf5 15. Nxf5
Bxf5 16. Qd2 Qd7 17. Rae1 Bh3 18. Bxh3 Qxh3 19. f4 Bh6 20. Qc3 Nf6 21. Rf2 Ng4
22. Rg2 Ne3 23. Rf2 Ng4 24. Rg2 Ne3 1/2-1/2

[Event "2nd Karpov Trophy Prelim"]
[Site "Cap d'Agde FRA"]
[Date "2013.10.27"]
[Round "6.1"]
[White "Zhao, Xue"]
[Black "Sebag, Marie"]
[Result "0-1"]
[WhiteTitle "GM"]
[BlackTitle "GM"]
[WhiteElo "2579"]
[BlackElo "2510"]
[WhiteFideId "8601283"]
[BlackFideId "617822"]
[EventDate "2013.10.25"]

1. d4 d5 2. c4 c6 3. Nc3 Nf6 4. cxd5 cxd5 5. Bf4 Nc6 6. e3 a6 7. Be2 Bf5 8. g4
Be4 9. f3 Bg6 10. h4 h6 11. Qb3 Ra7 12. Rc1 e6 13. Nh3 Be7 14. Bg3 Nd7 15. Nf4
Bh7 16. Qd1 Nb6 17. Bd3 Bxd3 18. Qxd3 Bd6 19. Kf2 Ra8 20. Nce2 Rc8 21. Kg2 Nc4
22. b3 Nb4 23. Qb1 Nxe3+ 24. Kf2 Nec2 25. Qb2 Kd7 26. Rhd1 Qa5 27. a4 b5 28. Nc3
Qc7 29. Nce2 bxa4 30. bxa4 Qc4 31. h5 Na2 32. Rd3 Nxc1 33. Qxc1 Nb4 34. Rc3 Qa2
35. Kg1 Qxa4 36. Qe3 Qd1+ 37. Kg2 Nc2 38. Qf2 Bxf4 39. Bxf4 Rxc3 40. Nxc3 Qxd4
41. Qxc2 Qxf4 42. Ne2 Qc4 43. Qb2 Rc8 44. Kf2 Qc5+ 45. Kg3 Qc7+ 46. Nf4 f6 47.
Qb1 Rb8 48. Qg6 Kc6 49. Qd3 Kb7 50. Qe3 Qe5 51. Qa3 Ka7 52. Qc5+ Rb6 53. Qe7+
Rb7 54. Qc5+ Ka8 55. Qc6 Qe1+ 56. Kh3 Qh1+ 57. Kg3 Qg1+ 58. Kh3 Qb6 59. Qe8+ Ka7
60. Nxe6 Qf2 61. Qa4 Qxf3+ 62. Kh4 Qf2+ 0-1

[Event "2nd Karpov Trophy Prelim"]
[Site "Cap d'Agde FRA"]
[Date "2013.10.27"]
[Round "6.2"]
[White "Maisuradze, Nino"]
[Black "Muzychuk, Mariya"]
[Result "0-1"]
[WhiteTitle "WGM"]
[BlackTitle "IM"]
[WhiteElo "2302"]
[BlackElo "2491"]
[WhiteFideId "13601717"]
[BlackFideId "14114550"]
[EventDate "2013.10.25"]

1. d4 e6 2. Nf3 c5 3. c4 cxd4 4. Nxd4 Nf6 5. Nc3 Nc6 6. a3 d5 7. cxd5 exd5 8.
Bf4 Bc5 9. Ndb5 O-O 10. Nc7 Nh5 11. N7xd5 Nxf4 12. Nxf4 Qb6 13. Nd3 Rd8 14. Qc1
Rxd3 15. exd3 Bxf2+ 16. Kd1 Nd4 17. Be2 Be6 18. Rf1 Bb3+ 0-1

[Event "2nd Karpov Trophy Prelim"]
[Site "Cap d'Agde FRA"]
[Date "2013.10.27"]
[Round "6.3"]
[White "Pelletier, Yannick"]
[Black "Ivanchuk, Vassily"]
[Result "1/2-1/2"]
[WhiteTitle "GM"]
[BlackTitle "GM"]
[WhiteElo "2578"]
[BlackElo "2733"]
[WhiteFideId "1301837"]
[BlackFideId "14100010"]
[EventDate "2013.10.25"]

1. Nf3 d5 2. d4 Nf6 3. c4 c6 4. Nc3 dxc4 5. a4 Bf5 6. e3 e6 7. Bxc4 Bb4 8. O-O
O-O 9. Nh4 Nbd7 10. Nxf5 exf5 11. f3 Qb6 12. Kh1 Rad8 13. a5 Bxa5 14. Qa4 Bb4
15. Qxa7 Qc7 16. Bd3 Nb6 17. Qa2 f4 18. Qb3 Be7 19. Ne4 Nfd5 20. exf4 Nb4 21. f5
Rxd4 22. Be2 N6d5 23. Bd2 Nf4 24. Bc4 b5 25. Bxb4 Rxc4 26. Bxe7 Qxe7 27. Rac1
Nd5 28. Rfe1 Rxc1 29. Rxc1 Qd7 30. Qc2 Rc8 31. Nc5 Qd6 32. Qe4 Nf6 33. Qd3 Qe5
34. b3 h5 35. Nd7 Qf4 36. Nxf6+ gxf6 37. Re1 h4 38. h3 Ra8 39. Qe4 Qg3 40. Rc1
Ra2 41. Qg4+ Kh7 42. Qxg3 hxg3 43. Kg1 Kg7 44. Kf1 Rf2+ 45. Kg1 Rb2 46. Kf1 Rxb3
47. Rxc6 Rb1+ 48. Ke2 Rb2+ 49. Ke3 Rxg2 50. Kf4 Rg1 51. Rb6 g2 52. Kg3 Rc1 53.
Kxg2 Rc5 54. f4 Rxf5 55. Kf3 Rc5 56. Kg4 Rd5 57. Rb8 Kg6 58. Rg8+ Kh7 59. Rb8
Kg7 60. h4 f5+ 61. Kg5 Rc5 62. Rb7 Rc1 63. Rxb5 Rg1+ 64. Kxf5 Rh1 65. Kg4 Rg1+
66. Kf3 Kf6 67. h5 Rh1 68. Ra5 Rh2 69. Kg4 Rg2+ 70. Kf3 Rh2 71. Kg4 Rg2+ 72. Kf3 1/2-1/2

[Event "2nd Karpov Trophy Prelim"]
[Site "Cap d'Agde FRA"]
[Date "2013.10.28"]
[Round "7.1"]
[White "Sebag, Marie"]
[Black "Maisuradze, Nino"]
[Result "1-0"]
[WhiteTitle "GM"]
[BlackTitle "WGM"]
[WhiteElo "2510"]
[BlackElo "2302"]
[WhiteFideId "617822"]
[BlackFideId "13601717"]
[EventDate "2013.10.25"]

1. e4 c5 2. Nf3 Nc6 3. Bb5 d6 4. O-O Bd7 5. Re1 Nf6 6. c3 a6 7. Bf1 Bg4 8. h3
Bh5 9. g4 Bg6 10. d4 cxd4 11. cxd4 d5 12. exd5 Nxd5 13. Nc3 Nxc3 14. bxc3 Qc7
15. Qa4 Qd7 16. Bg2 Rc8 17. Nh4 Bd3 18. d5 Nb8 19. Qd4 Bc4 20. Bf4 b5 21. Nf5 1-0